000 00636cam a2200193 i 4500
005 20260108110216.0
008 250721s1998 ua gr 000 0 ara d
020 _a9775810337
082 1 4 _a296
_bأ ح م
100 1 _aأحمد، محمد خليفة حسن
_eمؤلف.
245 1 0 _aتاريخ الديانة اليهودية /
_cالدكتور محمد خليفة حسن أحمد.
250 _aالطبعة الأولى.
264 3 1 _aالقاهرة :
_bدار قباء،
_c1998.
300 _a320 صفحة.
650 1 7 _aاليهودية.
650 1 7 _aالتاريخ.
942 _2ddc
_cBK
999 _c17476
_d17476